Trends in Social and Political History in Okun-Yoruba Land to 1960

Detalles Bibliográficos
Autor principal: Oshadare, Olabode
Formato: eBook
Lenguaje:inglés
Publicado: Abuya: Lambert Academic Publishing, 2019
Materias:
Acceso en línea:Acceso restringido

MARC

LEADER 00000nam a22000007a 4500
005 2019091607157.0
007 cr|||| ||||
008 190916s2019 ng |||||s|||| 00||0 eng d
020 |a 9786200085177 
035 |a 24934 
040 |a vLex 
090 |c 9538  |d 9538 
100 1 |a Oshadare, Olabode 
245 1 0 |a Trends in Social and Political History in Okun-Yoruba Land to 1960  |h [Recurso electrn̤ico] /  |c Olabode Oshadare 
256 |a Servicio en ln̕ea 
260 |a Abuya:  |b Lambert Academic Publishing,  |c 2019 
300 |a 1 recurso electrn̤ico 
506 1 |a Disponible solo en los productos indicados  |d vLex Global  |d vLex Global (Academic Edition, excluding Law Schools)  |d vLex Global (U.S. Academic Edition, Law Schools)  |d vLex Global (U.S. Academic Edition, excluding Law Schools)  |d vLex Global (Academic Edition, Law Schools) 
650 0 4 |a Derecho Pb︢lico y Administrativo  |z Nigeria 
740 0 |a vLex Libros (Servicio en ln̕ea) 
856 4 0 |u http://vlex.com/source/24934  |z Acceso restringido 
942 |c BOOK 
999 0 |a  Public and Administrative Law